| 000 | 00963nam a22003017a 4500 | ||
|---|---|---|---|
| 003 | CHAP | ||
| 005 | 20220329134705.0 | ||
| 008 | 971013s1967 r 00010 d | ||
| 010 | _a24249 | ||
| 011 | _a25221 | ||
| 035 | _a29321 | ||
| 040 | _cCHAP | ||
| 082 |
_a517.38 _bH3 |
||
| 100 | 0 | 0 |
_aHale, Jack K. _eed. _952277 |
| 245 | _aDifferential equations and dynamical systems; proceedings of an International Symposium | ||
| 260 |
_aNew York : _bAcademic Press, _c1967 |
||
| 300 | _a544 p. | ||
| 590 |
_aBATCH-UPD _b10 _c20130110 _lUCH01 _h0922 |
||
| 590 |
_aBATCH-UPD _b10 _c20130410 _lUCH01 _h0544 |
||
| 590 |
_aBATCH-UPD _b10 _c20130914 _lUCH01 _h0350 |
||
| 590 |
_aCONVERSION _b10 _c20130109 _lUCH01 _h1314 |
||
| 650 | 1 | 4 |
_aAnĂ¡lisis de sistemas. _95976 |
| 650 | 1 | 4 |
_aEcuaciones diferenciales. _935306 |
| 700 | 0 |
_aLa Salle, Joseph P. _eed. _964249 |
|
| 901 | _aBK | ||
| 942 | _cLIBRO | ||
| 949 |
_a517.38 H3 _bBC _cLIBRO _d33724000135992 _eLIBRO _h40604 _i29321 _mD _si |
||
| 999 |
_c24249 _d24249 |
||